| 000 | 00728nam a2200229 u 4500 | ||
|---|---|---|---|
| 005 | 20240229063552.0 | ||
| 008 | 130422s2007 ag r 000 0 spa d | ||
| 020 | _a9789876020435 | ||
| 035 | _aUPN01000190749 | ||
| 049 | _aI | ||
| 050 | 4 |
_aPQ7798.22 A7.3 _bN5.6 |
|
| 100 | 1 |
_aLardone, Lilia, _d1941- _933518 |
|
| 245 | 1 | 3 |
_aLa niña y la gata / _cLilia Lardone ; il. Claudia Legnazzi. |
| 260 |
_aCórdoba, Arg. : _bComunicarte, _c2007. |
||
| 300 |
_a[26] p. : _bprincipalmente il. col. |
||
| 440 | 0 | _aBicho bolita | |
| 650 | 4 |
_aLiteratura infantil argentina _97511 |
|
| 650 | 4 |
_aGATOS - _vLITERATURA INFANTIL _910191 |
|
| 700 | 1 |
_aLegnazzi Lameiro, Claudia, _d1956- _eil. _939606 |
|
| 905 | _aInfantil | ||
| 999 |
_c162852 _d162852 |
||